Счастье - найти истину...: об академике Г. А. Месяце; Томский политехник; Вып. 12
| Parent link: | Томский политехник: ежегодный журнал/ Томский политехнический университет (ТПУ), Ассоциация выпускников.— , 1995- Вып. 12.— 2006.— [С. 102-104] |
|---|---|
| Hlavní autor: | |
| Shrnutí: | Аннотация на англ. яз. Заглавие с титульного листа Электронная версия печатной публикации |
| Jazyk: | ruština |
| Vydáno: |
2006
|
| Edice: | Юбилеи |
| Témata: | |
| On-line přístup: | Цветная версия без потери качества |
| Médium: | MixedMaterials Elektronický zdroj Kapitola |
| KOHA link: | https://koha.lib.tpu.ru/cgi-bin/koha/opac-detail.pl?biblionumber=198946 |
MARC
| LEADER | 00000nla2a2200000 4500 | ||
|---|---|---|---|
| 001 | 198946 | ||
| 005 | 20231031184115.0 | ||
| 035 | |a (RuTPU)RU\TPU\book\216960 | ||
| 035 | |a RU\TPU\book\216956 | ||
| 090 | |a 198946 | ||
| 100 | |a 20110714d2006 km y0rusy50 ca | ||
| 101 | 0 | |a rus |d eng | |
| 102 | |a RU | ||
| 135 | |a drnn ---uucaa | ||
| 181 | 0 | |a i | |
| 182 | 0 | |a b | |
| 200 | 1 | |a Счастье - найти истину... |b Электронный ресурс |e об академике Г. А. Месяце |f А. Карыпов | |
| 203 | |a Текст |c электронный | ||
| 215 | |a 1 файл (3.9 Мб) | ||
| 225 | 1 | |a Юбилеи | |
| 230 | |a Электронные текстовые данные (1 файл : 3.9 Мб) | ||
| 300 | |a Аннотация на англ. яз. | ||
| 300 | |a Заглавие с титульного листа | ||
| 300 | |a Электронная версия печатной публикации | ||
| 337 | |a Adobe Reader | ||
| 461 | 1 | |0 (RuTPU)RU\TPU\book\202435 |t Томский политехник |o ежегодный журнал |f Томский политехнический университет (ТПУ), Ассоциация выпускников |d 1995- | |
| 463 | 1 | |0 (RuTPU)RU\TPU\book\216896 |t Вып. 12 |v [С. 102-104] |d 2006 |p 129 с. | |
| 600 | 1 | |a Месяц |b Г. А. |c российский физик |c академик, вице-президент РАН |f 1936- |g Геннадий Андреевич |y Томск |x TPU |c выпускник Томского политехнического института |2 stltpush |3 (RuTPU)RU\TPU\pers\17099 | |
| 601 | 0 | 2 | |a Томский политехнический институт (ТПИ) |c (1944-1991) |2 stltpush |3 (RuTPU)RU\TPU\col\1123 |
| 610 | 1 | |a выпускники ТПУ | |
| 610 | 1 | |a политехники | |
| 610 | 1 | |a физики | |
| 610 | 1 | |a академики | |
| 610 | 1 | |a биографии | |
| 610 | 1 | |a юбилеи | |
| 610 | 1 | |a электронный ресурс | |
| 700 | 1 | |a Карыпов |b А. |g Андрей | |
| 801 | 1 | |a RU |b 63413507 |c 20101101 | |
| 801 | 2 | |a RU |b 63413507 |c 20170313 |g RCR | |
| 856 | 4 | |u http://www.lib.tpu.ru/fulltext/v/Tomsk_polytechnic/2006/N12a30.pdf |z Цветная версия без потери качества | |
| 942 | |c CF | ||